[Event "RUS-Cup"]
[Site "Krasnoiarsk"]
[Date "1998.??.??"]
[Round "2"]
[White "Driamin, Dmitrij"]
[Black "Kastanieda, Georgiy"]
[Result "0-1"]
[WhiteElo "2230"]
[BlackElo "2395"]

1.c4 e5 2.g3 d6 3.Bg2 g6 4.Nc3 Bg7 5.e3 f5 6.Nge2 Nf6 7.d3 O-O 8.Rb1 c6 9.b4 d5
10.cxd5 cxd5 11.d4 e4 12.Nf4 g5 13.Nh5 Nxh5 14.Qxh5 Be6 15.Qd1 Nc6 16.b5 Na5
17.h4 Rc8 18.Ne2 h6 19.hxg5 hxg5 20.Ng1 Nc4 21.Nh3 Bf6 22.b6 Rf7 23.Qh5 Rg7
24.bxa7 Bf7 25.Qe2 Qa5+ 26.Bd2 Qxa2 27.Rxb7 Qa1+ 28.Qd1 Qxd1+ 29.Kxd1 Bh5+  0-1

[Event "RUS-Cup"]
[Site "Krasnoiarsk"]
[Date "1998.??.??"]
[Round "5"]
[White "Makarov, Marat"]
[Black "Zaitsev, Vadim"]
[Result "1/2-1/2"]
[WhiteElo "2540"]
[BlackElo "2425"]

1.g3 e5 2.c4 Nf6 3.Bg2 d5 4.cxd5 Nxd5 5.Nc3 Nb6 6.Nf3 Nc6 7.O-O Be7 8.a3 a5
9.d3 O-O 10.Be3 Bg4 11.Rc1 Kh8 12.Na4 Nd5 13.Bc5 Rb8 14.Bxe7 Ndxe7 15.Nc5 b6
16.Ne4 f5 17.Nc3 Qe8 18.h3 Bxf3 19.Bxf3 Nd4 20.Bg2 f4 21.e3 Ndf5 22.Qf3 Ng6
23.Ne4 c5 24.Qe2 Rd8 25.Rfe1 Nge7 26.Ng5 fxg3 27.fxg3 Qg6 28.Ne4 Nd5 29.Kh2 Nfxe3
30.Bh1 Rf7 31.Qd2 Qh6 32.Kg1 Rdf8 33.h4 Rf5 34.b3 Rd8 35.Re2 Ng4 36.Qxh6 gxh6
37.Nf2 Rxf2 38.Rxf2 Nxf2 39.Kxf2 Nf6 40.Ke2 Rd4 41.Rf1 Kg7 42.Ke3 Kf7 43.Be4 Ke6
44.Bf5+ Ke7 45.Re1 Kd6 46.Rf1 Ke7 47.Re1 b5 48.Rf1 a4 49.bxa4 Rxa4 50.Rb1 Ne8
51.Bxh7 Nd6 52.Rc1 c4 53.Rc3  1/2-1/2

[Event "Le Touquet op"]
[Site "Le Touquet"]
[Date "1998.??.??"]
[Round "1"]
[White "Voiska, Margarita"]
[Black "Therkildsen, Thomas"]
[Result "0-1"]
[WhiteElo "2335"]
[BlackElo "2025"]

1.c4 e5 2.g3 Nf6 3.Bg2 Nc6 4.Nc3 Bb4 5.e4 d6 6.Nge2 Bg4 7.h3 Bh5 8.g4 Bg6
9.d3 Nd7 10.h4 f6 11.a3 Ba5 12.b4 Bb6 13.Nd5 Bf7 14.Nxb6 axb6 15.Be3 Ne7
16.Ng3 c6 17.Nf5 Nxf5 18.gxf5 Qe7 19.Bf3 d5 20.Qc1 g6 21.Bg4 Rg8 22.cxd5 cxd5
23.Qc7 h5 24.Bh3 g5 25.Qxb7 Rb8 26.Qc7 g4 27.Bg2 d4 28.Bd2 Bb3 29.Rb1 Qf7
30.b5 Ba4 31.Rb4 Ra8 32.Qd6 Nc5 33.Bf1 Bc2 34.Qc6+ Ke7 35.Qc7+ Ke8 36.Qc6+ Ke7
37.Qc7+ Kf8 38.Bh6+ Ke8 39.Qc6+ Ke7 40.Qxb6 Rgc8 41.Rc4 Nd7 42.Qb7 Rab8 43.Qa7 Rxc4
44.dxc4 Bxe4 45.Rg1 Ra8 46.Qc7 Rxa3 47.Bc1 Ra1 48.Kd1 Qf8 49.f4 Qh6  0-1

[Event "BEL-ch"]
[Site "Liege"]
[Date "1998.??.??"]
[Round "1"]
[White "Vandevoort, Pascal"]
[Black "Mohandesi, Shahin"]
[Result "1/2-1/2"]
[WhiteElo "2295"]
[BlackElo "2285"]

1.c4 e5 2.g3 Nf6 3.Bg2 c6 4.d4 Bb4+ 5.Bd2 Bxd2+ 6.Qxd2 d6 7.Nc3 O-O 8.e3 Qe7
9.Nge2 Bg4 10.h3 Bxe2 11.Qxe2 exd4 12.exd4 Qxe2+ 13.Kxe2 Nbd7 14.Kd2 Rfe8
15.Rhe1 Kf8 16.Re3 Nb6 17.Kd3 a6 18.Rae1 d5 19.cxd5 Rxe3+ 20.fxe3 cxd5 21.Rf1 Rd8
22.Rf5 Rd6 23.b3 g6 24.Rf2 Ke7 25.Bf3 Nbd7 26.Rc2 Ke6 27.Re2 b6 28.Rc2 Ke7
29.a3 Kd8 30.Na2 Nb8 31.Nc3 h6 32.Rf2 Nc6 33.b4 Ne7 34.g4 Ke8 35.Rc2 Kd7
36.Rf2 Ke8 37.Bd1 Re6 38.Bb3 Rd6 39.Rf4 Kf8 40.Rf2 Ke8 41.Rc2 Kd8 42.Rc1 Kd7
43.Rf1 Ke8 44.Rg1 Kf8 45.Ra1 Ke8 46.Rf1 Kd8 47.Rf3 Kd7 48.Rf2 Ke8 49.Rf3  1/2-1/2

[Event "BEL-ch"]
[Site "Liege"]
[Date "1998.??.??"]
[Round "6"]
[White "Vandevoort, Pascal"]
[Black "Cekro, Ekrem"]
[Result "0-1"]
[WhiteElo "2295"]
[BlackElo "2380"]

1.c4 e5 2.g3 g6 3.Bg2 Bg7 4.Nc3 Nc6 5.d3 Nge7 6.e4 O-O 7.h4 h5 8.Be3 d6 9.Nh3 Nd4
10.Qd2 Bg4 11.Ng5 c6 12.f3 Bd7 13.O-O b5 14.cxb5 c5 15.f4 exf4 16.Bxf4 Bxb5
17.Nxb5 Nxb5 18.Rf2 Rc8 19.Raf1 Rc7 20.Be3 Nc6 21.e5 Nxe5 22.Bd5 Re7 23.d4 cxd4
24.Bxd4 Qb6 25.Kh1  0-1

[Event "Mermaid Beach"]
[Site "Mermaid Beach"]
[Date "1998.??.??"]
[Round "5"]
[White "Manouck, Thierry"]
[Black "Resika, Nathan A"]
[Result "1/2-1/2"]
[WhiteElo "2250"]
[BlackElo "2170"]

1.c4 e5 2.g3 Nc6 3.Bg2 Nf6 4.Nf3 Bc5 5.Nc3 d6 6.d3 h6 7.a3 a5 8.O-O O-O 9.b3 Bg4
10.h3 Bh5 11.g4 Bg6 12.g5 e4 13.Nh4 Bd4 14.Nxg6 fxg6 15.gxf6 Bxc3 16.fxg7 Bxg7  1/2-1/2

[Event "Nizhnij Tagil"]
[Site "Nizhnij Tagil"]
[Date "1998.??.??"]
[Round "7"]
[White "Kuljabin, Vadim"]
[Black "Vaulin, Alexander"]
[Result "0-1"]
[WhiteElo "2450"]
[BlackElo "2535"]

1.c4 e5 2.g3 c6 3.Nf3 e4 4.Nd4 d5 5.cxd5 Qxd5 6.Nc2 Nf6 7.Bg2 Qh5 8.h3 Na6
9.Nc3 Qg6 10.Ne3 Bc5 11.Qc2 Nb4 12.Qb1 Bxe3 13.dxe3 Bf5 14.a3 Nbd5 15.Bd2 O-O
16.Qc2 Rfe8 17.Nxd5 Nxd5 18.Bc3 Nxc3 19.Qxc3 Rad8 20.O-O Qe6 21.Kh2 Rd5 22.Qb3 Qc8
23.Rfd1 Rb5 24.Qc2 Bxh3 25.Bxe4 Bf5 26.Rd4 Rxe4 27.Rxe4 Re5 28.f3 Bxe4 29.fxe4 Rh5+
30.Kg2 Qh3+ 31.Kf3 Rg5 32.Rg1 h5 33.Qd1 Qg4+ 34.Kf2 h4 35.Qd8+ Kh7 36.Qe7 hxg3+
37.Ke1 g2 38.Qxf7 Qh4+ 39.Kd2 Qxe4 40.Qf4 Qd5+ 41.Ke1 Kg6 42.Qf8 Qe5 43.Qf4 Qxf4
44.exf4 Rg4 45.e4 Kf7 46.Ke2 Rxf4 47.Ke3 Rg4 48.Kd4 Ke6 49.a4 b6 50.b4 Rg3
51.a5 Rg4 52.a6 Rg3 53.Kc4 Ke5 54.b5 cxb5+  0-1

[Event "RUS-ch sf"]
[Site "Novosibirsk"]
[Date "1998.??.??"]
[Round "?"]
[White "Zaitsev, Vadim"]
[Black "Zemerov, Vladimir"]
[Result "1-0"]
[WhiteElo "2425"]
[BlackElo "2330"]

1.g3 e5 2.c4 Nc6 3.Bg2 f5 4.Nc3 Nf6 5.e3 d5 6.cxd5 Nb4 7.d3 Nfxd5 8.Nxd5 Nxd5
9.Nf3 Bd6 10.O-O c6 11.e4 Ne7 12.exf5 Bxf5 13.d4 exd4 14.Nxd4 Qc7 15.Nxf5 Nxf5
16.Re1+ Ne7 17.Qh5+ g6 18.Qh4 O-O-O 19.Bg5 Rde8 20.Qe4 Qd7 21.Qd4 h6 22.Bxe7 Bxe7
23.Qxa7 Bb4 24.Rxe8+ Rxe8 25.Bh3  1-0

[Event "Nyirsegi Torna op"]
[Site "Nyirsegi Torna"]
[Date "1998.??.??"]
[Round "3"]
[White "Lehoczki, Viktor"]
[Black "Amrein, Roland"]
[Result "1/2-1/2"]
[WhiteElo "2180"]
[BlackElo "2245"]

1.c4 e5 2.g3 c6 3.Bg2 d5 4.cxd5 cxd5 5.d4 e4 6.Nh3 Nc6 7.Nc3 Bg4 8.Nf4 Nf6
9.h3 Bc8 10.h4 Bg4 11.Bh3 h5 12.Kf1 Qd7 13.Kg2 Rc8 14.Qa4 Be7 15.Be3 O-O
16.Rhc1 a6 17.Qd1 Na5 18.b3 Ba3 19.Rc2 Bb4 20.Rac1 Ba3 21.Ra1 Bb4 22.Rac1 Ba3
23.Ra1 Rc6 24.Bxg4 hxg4 25.Bc1 Bb4 26.Bb2 Rfc8 27.Rac1 b5 28.Nb1 Bd6 29.Rxc6 Rxc6
30.Qd2 b4 31.Rxc6 Qxc6 32.Qc1 g6 33.Qxc6 Nxc6 34.e3 Kf8 35.Ne2 Ke7 36.Kg1 Kd7
37.Kf1 Na7 38.Ke1 a5 39.Kd2 Nb5 40.Kd1 Nc7 41.Ke1 Ne6 42.Kf1 g5 43.hxg5 Nxg5
44.Ng1 Ke6 45.Ne2 Nf3 46.Nc1 Nh5 47.Ne2 Kf5 48.Bc1 Nf6 49.Bb2 Ke6 50.Nc1 Kd7
51.Ne2 Kc6 52.Bc1 Kb5 53.Bb2 Nd7 54.Bc1 Nb8 55.Bd2 Nd7 56.Bc1 Nb6 57.Bd2 a4
58.Nc1 Nd7 59.Be1 Nb8 60.Nd2 Nc6 61.Nb1 Na5 62.Nd2 Nc6 63.Nb1 Ne7 64.Nd2 Nf5
65.Ne2 a3 66.Nb1 Ng7 67.Nd2 Ne6 68.Nb1 Neg5 69.Bd2 Bc7 70.Bc1 Ne6 71.Bd2 Bb6
72.Be1 Ba7 73.Bd2 Bxd4 74.exd4 Nexd4 75.Nc1 Nc6 76.Bg5 d4  1/2-1/2

[Event "RUS-Cup"]
[Site "Omsk/Perm"]
[Date "1998.??.??"]
[Round "1"]
[White "Vaulin, Alexander"]
[Black "Pres, Grigorii"]
[Result "1/2-1/2"]
[WhiteElo "2535"]
[BlackElo "2315"]

1.c4 e5 2.g3 Nc6 3.Bg2 g6 4.Nc3 Bg7 5.e3 d6 6.Nge2 Nh6 7.Rb1 a5 8.d3 O-O
9.a3 Be6 10.b4 axb4 11.axb4 Qd7 12.b5 Nd8 13.Nd5 Bxd5 14.Bxd5 c6 15.Bg2 Ne6
16.O-O f5 17.bxc6 bxc6 18.Rb6 Rfc8 19.Qb3 Nc5 20.Qb1 Nf7 21.d4 Na4 22.Rb4 e4
23.f3 exf3 24.Bxf3 Ra7 25.Qb3 c5 26.Rb5 Qe8 27.Bd2 Ng5 28.Bd5+ Kh8 29.Qd3 Ne4
30.Bxe4 fxe4 31.Qb3 h5 32.Ra1 Rca8 33.Rb1 Kh7 34.Rb7 Qc8 35.Nf4 Qg4 36.Qc2 Qf5
37.Qd1 cxd4 38.exd4 e3 39.Be1 Qe4 40.Qd3 Qxd3 41.Nxd3 Kh6 42.c5 Bxd4 43.cxd6 Ra6
44.d7 Rd8 45.Bb4 Rb6 46.Rxb6 Nxb6 47.Bc5  1/2-1/2

[Event "Pardubice Czech op"]
[Site "Pardubice"]
[Date "1998.??.??"]
[Round "7"]
[White "Shushpanov, Vladimir"]
[Black "Voloshin, Leonid"]
[Result "1/2-1/2"]
[WhiteElo "2340"]
[BlackElo "2420"]

1.c4 e5 2.g3 Nc6 3.Bg2 g6 4.Nc3 Bg7 5.Nf3 d6 6.d3 f5 7.O-O Nf6 8.Rb1 a5 9.a3 O-O
10.b4 axb4 11.axb4 h6 12.b5 Ne7 13.Bb2 Nd7 14.Ra1 Rb8 15.Qc2 b6 16.Nd2 Nf6
17.Nd5 Nexd5 18.cxd5 Bd7 19.Ra7 Rc8 20.Qc4 g5 21.Nb1 Ne8 22.Nc3 Kh8 23.Na2 f4
24.Nc3 Qf6 25.Ne4 Qg6 26.Rfa1 g4 27.Ra8 Qf7 28.R8a7 Bf5 29.Rf1 Bh7 30.f3 Qh5
31.Nf2 fxg3 32.hxg3 gxf3 33.Bxf3 Qf7 34.Bg2 Bf5 35.e4 Bd7 36.Bc1 Qg6 37.Nh1 Rxf1+
38.Bxf1 Qg4 39.Kg2 Kh7 40.Nf2 Qg6 41.Bd2 Qf7 42.Be3 Qh5 43.Ra2 Nf6 44.Be2 Qg6
45.Ra7 Nh5  1/2-1/2

[Event "Paris op"]
[Site "Paris"]
[Date "1998.??.??"]
[Round "1"]
[White "Spiridonov, Nikola"]
[Black "Appendino, Jerome"]
[Result "0-1"]
[WhiteElo "2405"]
[BlackElo "2130"]

1.c4 e5 2.g3 c6 3.Nf3 d6 4.Nc3 f5 5.d3 Nf6 6.Bg2 Qc7 7.O-O Be7 8.b4 O-O 9.b5 Kh8
10.bxc6 bxc6 11.Rb1 Na6 12.Nd2 Bd7 13.Nb3 Be6 14.Bd2 e4 15.dxe4 Bxc4 16.exf5 Bxb3
17.axb3 d5 18.e4 dxe4 19.Nxe4 Nd5 20.Qh5 Qe5 21.Qe2 Nab4 22.g4 Rae8 23.f4 Qd4+
24.Qf2 Qxf2+ 25.Rxf2 Bh4 26.Rff1 Nc2 27.Rfc1 Nd4 28.Rf1 Nc2 29.Nc3 Nde3 30.Bxe3 Rxe3
31.Rf3 Rfe8 32.Rxe3 Rxe3 33.Ne4 Nd4 34.Nc5 Ne2+ 35.Kh1 Nxf4 36.Bxc6 Rc3 37.b4 Rc2
38.Be4 Re2 39.Rd1 h6 40.Bf3 Re3 41.Be4 Nh3 42.Rc1 Nf2+ 43.Kg2 Nxe4 44.Ne6 Rc3
45.Ra1 Bf2 46.Rd1 Bb6 47.Rd7 Rc2+ 48.Kf1 Ng5 49.Ke1 Nxe6 50.fxe6 Rc1+ 51.Kd2 Rc8
52.Rd6 Kh7 53.Kd3 Kg6 54.Ke4 Kf6 55.Kd5 Rd8 56.Kc6 Rxd6+ 57.Kxd6 Bd8 58.b5 g5
59.Kd7 Be7 60.h3 Ba3  0-1

[Event "Paris op"]
[Site "Paris"]
[Date "1998.??.??"]
[Round "8"]
[White "Spiridonov, Nikola"]
[Black "Gofshtein, Leonid D"]
[Result "0-1"]
[WhiteElo "2405"]
[BlackElo "2500"]

1.c4 e5 2.g3 d6 3.Bg2 f5 4.Nc3 Nf6 5.d3 Be7 6.Nf3 O-O 7.O-O Qe8 8.c5 Kh8
9.cxd6 cxd6 10.a3 Nc6 11.b4 a6 12.b5 axb5 13.Nxb5 Qd8 14.a4 Be6 15.Ba3 d5
16.d4 e4 17.Ne5 Ng4 18.Nxg4 fxg4 19.f3 gxf3 20.exf3 exf3 21.Rxf3 Rxf3 22.Bxe7 Qxe7
23.Bxf3 Bf5 24.Bxd5 Qe3+ 25.Kg2 Nb4 26.Bxb7 Rf8 27.Qe1 Qd3 28.Qe7 Kg8 29.Re1 Bg4
30.Kg1 Bh3 31.Bg2 Bxg2 32.Qe6+ Kh8 33.Qf7 Qf3 34.Qxf3 Bxf3 35.Nc3 Nc2 36.Re7 Nxd4
37.a5 Nc6 38.Rd7 Bg4 39.Rd2 Bh3 40.Rf2 Rd8 41.Ra2 Rf8 42.Rf2 Rxf2 43.Kxf2 Nxa5
44.Ke3 Kg8 45.Kf4 Nc6 46.Nd5 Be6 47.Ne3 Kf7 48.h4 Ke7 49.g4 Kf6 50.Nf1 Bf7
51.Ng3 Bd5 52.g5+ Kf7 53.h5 Ne7 54.Ke5 Bf3 55.Kf4 Bd1 56.Ke5 Nc6+ 57.Kf4 Bc2
58.Ne2 Ke6 59.Ng3 Ne7 60.Ne2 Nd5+ 61.Kg3 Bd1 62.Nd4+ Ke5 63.Nc6+ Kd6 64.Nd4 Bxh5
65.Nf5+ Ke5 66.Nxg7 Bg6 67.Kg4 Ne3+  0-1

[Event "Pula op"]
[Site "Pula"]
[Date "1998.??.??"]
[Round "1"]
[White "Markowski, Tomasz"]
[Black "Medak, Bojan"]
[Result "1-0"]
[WhiteElo "2505"]
[BlackElo "2210"]

1.g3 e5 2.c4 f5 3.Bg2 Nf6 4.Nc3 Bb4 5.Qc2 Bxc3 6.Qxc3 d6 7.d3 O-O 8.Nf3 Qe8
9.O-O Qh5 10.c5 Nc6 11.cxd6 cxd6 12.Qc4+ Kh8 13.Bg5 Ng4 14.h3 Nf6 15.Rac1 f4
16.Bxf6 Rxf6 17.g4 Qe8 18.d4 h5 19.g5 Rf5 20.d5 Ne7 21.e4 fxe3 22.fxe3 Ng6
23.Nd2 Qe7 24.Ne4 Nh4 25.Qe2 g6 26.Rxf5 Bxf5 27.Nf6 Rc8 28.Rxc8+ Bxc8 29.Qc4  1-0

[Event "Pula op"]
[Site "Pula"]
[Date "1998.??.??"]
[Round "3"]
[White "Markowski, Tomasz"]
[Black "Jovanic, Ognjen"]
[Result "1/2-1/2"]
[WhiteElo "2505"]
[BlackElo "2285"]

1.g3 e5 2.c4 Nf6 3.Bg2 Nc6 4.Nc3 Bc5 5.e3 O-O 6.Nge2 Re8 7.O-O d6 8.d3 a6
9.b3 Ba7 10.Bb2 Ne7 11.d4 exd4 12.Nxd4 Rb8 13.Nd5 Nexd5 14.cxd5 Bg4 15.Qc2 Qd7
16.e4 Bh3 17.f3 Rbc8 18.Kh1 c6 19.dxc6 Bxg2+ 20.Kxg2 Bxd4 21.Bxd4 Rxc6 22.Qd3 Rec8
23.Rf2 Qe6 24.Bb2 Nd7 25.Rd1 Ne5 26.Qd4 f6 27.Qb4 R8c7 28.Ba3 Nf7 29.Qd2 h6
30.Qd4 Rc2 31.Rdd2 Rxd2 32.Rxd2 Rc6 33.Bb4 Qc8 34.Qd5 Qc7 35.g4 Rc2 36.Kg3 Rxd2
37.Bxd2 Qe7 38.Qc4 Qd7 39.h4 Kf8 40.h5 Ke7 41.f4 Qc6 42.Qxc6 bxc6 43.Ba5 Nd8
44.Kf3 Ne6 45.Ke3 Kd7 46.Bd2 Kc7 47.Kd3 Kb7 48.Be3 Kc7 49.Kc4 Kb7 50.Kb4 Kc7
51.Ka5 Kb7 52.b4 Nd8 53.g5 hxg5 54.fxg5 fxg5 55.Bxg5 Ne6 56.Be3 d5 57.exd5 cxd5
58.b5 d4 59.bxa6+ Ka8 60.Bd2 Nc5  1/2-1/2

[Event "CRO-chT2"]
[Site "Pula"]
[Date "1998.??.??"]
[Round "9"]
[White "Varga, Zoltan"]
[Black "Sax, Gyula"]
[Result "1/2-1/2"]
[WhiteElo "2520"]
[BlackElo "2535"]

1.c4 e5 2.g3 c6 3.Bg2 Nf6 4.Nf3 e4 5.Nd4 d5 6.cxd5 cxd5 7.O-O Be7 8.d3 exd3
9.Qxd3 Nc6 10.Nc3 O-O  1/2-1/2

[Event "NLD-ch (Women)"]
[Site "Rheden"]
[Date "1998.??.??"]
[Round "1"]
[White "Fauland Borek, Jutta"]
[Black "Wuts, Helene"]
[Result "1/2-1/2"]
[WhiteElo "2070"]
[BlackElo "2095"]

1.c4 e5 2.g3 g6 3.Bg2 Bg7 4.Nc3 Nc6 5.d3 d6 6.e3 Nge7 7.Nge2 O-O 8.O-O Be6
9.Nd5 Rb8 10.Nec3 a6 11.a3 Nc8 12.Rb1 N6e7 13.b4 c6 14.Nxe7+ Nxe7 15.Bb2 Qd7
16.Ne4 h6 17.f4 f5 18.Nd2 b5 19.Qe2 Qc7 20.Rfc1 Rfc8 21.Nb3 bxc4 22.dxc4 c5
23.fxe5 cxb4 24.exd6 Qxd6 25.Bxg7 Kxg7 26.axb4 Rxb4 27.c5 Qb8 28.Nd2 Bd5
29.Rxb4 Qxb4 30.Bxd5 Nxd5 31.Rc4 Qa3 32.e4 Ne3 33.Rd4 Qc1+ 34.Kf2 Ng4+ 35.Kg2 Qxc5
36.Rd7+ Kg8 37.h3 Nf6 38.Rd3 Re8 39.Re3 Nd5 40.Rb3 fxe4 41.Qxa6 Ne3+ 42.Rxe3 Qxe3
43.Qxg6+ Kf8 44.Qf6+  1/2-1/2

[Event "NLD-ch (Women)"]
[Site "Rheden"]
[Date "1998.??.??"]
[Round "8"]
[White "Fauland Borek, Jutta"]
[Black "Sziva, Erika"]
[Result "1/2-1/2"]
[WhiteElo "2070"]
[BlackElo "2310"]

1.c4 e5 2.g3 Nc6 3.Bg2 g6 4.Nc3 Bg7 5.d3 d6 6.Rb1 Be6 7.b4 Qd7 8.b5 Nd8 9.Bb2 Ne7
10.e4 O-O 11.Nge2 c6 12.bxc6 bxc6 13.O-O f5 14.f4 fxe4 15.Nxe4 Nf7 16.Qd2 Nf5
17.fxe5 Nxe5 18.Nf4  1/2-1/2

[Event "Saint Affrique op"]
[Site "Saint Affrique"]
[Date "1998.??.??"]
[Round "7"]
[White "Foisor, Ovidiu"]
[Black "Fontaine, Robert"]
[Result "1-0"]
[WhiteElo "2445"]
[BlackElo "2365"]

1.c4 e5 2.g3 c6 3.d4 Bb4+ 4.Bd2 Bxd2+ 5.Qxd2 d6 6.Nc3 Nf6 7.Bg2 O-O 8.e3 Be6
9.d5 cxd5 10.cxd5 Bd7 11.Nge2 b5 12.a3 a5 13.Na2 Bg4 14.b4 axb4 15.Nxb4 Na6
16.O-O Nc5 17.Rfb1 Nfe4 18.Qc2 Bxe2 19.Bxe4 Nxe4 20.Qxe4 f5 21.Qc2 Bf3 22.Nd3 Bxd5
23.Rxb5 Rc8 24.Qd2 Bc6 25.Rb4 Qf6 26.Rc1 Qe6 27.Ne1 Ba8 28.Rxc8 Rxc8 29.Rb6 Rd8
30.a4 f4 31.a5 fxg3 32.fxg3 Rf8 33.Qxd6 Qf6 34.Qxf6 gxf6 35.Kf2 Kf7 36.a6 Be4
37.Ke2 Rd8 38.a7 Rd7 39.Ra6 Ba8 40.Nd3 Ke7 41.Nf2 Rd6 42.Rxd6 Kxd6 43.Kd3 f5
44.Kc4 Kc6 45.Nd3 Kb6 46.Nxe5 Kc7 47.Kc5 Be4 48.Nf7  1-0

[Event "Balazs mem op"]
[Site "Salgotarjan"]
[Date "1998.??.??"]
[Round "4"]
[White "Emodi, Barnabas"]
[Black "Meszaros, Andras"]
[Result "1-0"]
[WhiteElo "2400"]
[BlackElo "2350"]

1.c4 e5 2.g3 Nf6 3.Bg2 Nc6 4.Nc3 Bc5 5.a3 O-O 6.d3 h6 7.e3 a5 8.Nge2 Re8
9.O-O Bf8 10.Rb1 d6 11.Nd5 e4 12.Nxf6+ Qxf6 13.dxe4 Ne5 14.b3 Nf3+ 15.Kh1 Ng5
16.Bb2 Qe7 17.Nc3 c6 18.f4 Nh7 19.b4 f5 20.b5 fxe4 21.bxc6 bxc6 22.Bxe4 Ra6
23.Re1 Nf6 24.Bf3 Qf7 25.Na4 Ne4 26.Qe2 Ra7 27.Bd4 c5 28.Ba1 Rae7 29.Nb6 Bb7
30.Qg2 h5 31.Kg1 h4 32.gxh4 Re6 33.h5 Rh6 34.Red1 Rxh5 35.Bxh5 Qxh5 36.Nd5 Re6
37.f5 Qxf5 38.Rxb7 Qh5 39.Rf1 Rg6 40.Rxg7+  1-0

[Event "Staufer op 10th"]
[Site "Schwaebisch Gmuend"]
[Date "1998.??.??"]
[Round "6"]
[White "Scherer, Max"]
[Black "Prusikin, Mikhajlo"]
[Result "0-1"]
[WhiteElo "2295"]
[BlackElo "2430"]

1.c4 e5 2.g3 Nf6 3.Bg2 g6 4.Nc3 Bg7 5.Nf3 d6 6.b4 O-O 7.O-O Re8 8.Ba3 e4
9.Ng5 Bf5 10.d3 exd3 11.e4 Bg4 12.Qxd3 h6 13.Nh3 Nc6 14.f4 a5 15.bxa5 Rxa5
16.Bb2 Nxe4 17.Bxe4 Bxh3 18.Rfe1 Bf5 19.Rab1 Nd4 20.Ba1 Ra3 21.Bb2 Ra8 22.Nd5 Rxe4
23.Rxe4 c5 24.Rbe1 Bxe4 25.Qxe4 Rxa2 26.Ne7+ Kh7 27.Bxd4 Bxd4+ 28.Kh1 Qa5
29.Re2 Rxe2 30.Qxe2 Kg7 31.f5 Qa1+ 32.Kg2 Qb2 33.Qxb2 Bxb2 34.fxg6 fxg6 35.Kf3 Kf7
36.Nc8 Ke6 37.Ke4 Be5 38.Nb6 h5 39.Kf3 Bc3 40.Ke4 Be1 41.Nd5 g5 42.Nc7+ Kd7
43.Nd5 h4 44.gxh4 gxh4 45.Kf5 h3 46.Kg4 Bd2 47.Kxh3 Ke6 48.Kg4 Ke5 49.Nc7 Ba5
50.Nb5 d5 51.cxd5 Kxd5 52.h4 c4 53.h5 Kc5  0-1

[Event "Staufer op 10th"]
[Site "Schwaebisch Gmuend"]
[Date "1998.??.??"]
[Round "7"]
[White "Heinzel, Olaf"]
[Black "Podzielny, Karl Heinz"]
[Result "1/2-1/2"]
[WhiteElo "2365"]
[BlackElo "2495"]

1.c4 e5 2.g3 f5 3.Bg2 Nf6 4.Nf3 Nc6 5.O-O Be7 6.Nc3 O-O 7.d3 d6 8.Rb1 a6
9.b4 Rb8 10.a4 a5 11.b5 Nb4 12.Ba3 c5 13.bxc6 bxc6 14.Ne1 Be6 15.Nc2 c5 16.Ne3 Qd7
17.Rb2 Rbe8 18.Ned5 Bd8 19.e4 Kh8 20.Nxf6 Bxf6 21.exf5 Bxf5 22.Ne4 Bg4 23.f3 Be6
24.Rb1 Rb8 25.Rf2 Rb6 26.Bc1 Qe8 27.Be3 Bd7 28.Ra1 Qg6 29.Bf1 Bf5 30.Rb1 h6
31.Qd2 Bxe4 32.fxe4 Rbb8 33.Be2 Bg5 34.Bxg5 Qxg5 35.Qxg5 hxg5 36.Rbf1 Rxf2
37.Rxf2 Nc6 38.Bh5 Kh7 39.Rf7 Kh6 40.Bg4 Nd4 41.Ra7 Rb3 42.Rxa5 Rxd3 43.Ra8 Rc3
44.Rd8 Rxc4 45.Rxd6+ Kh7 46.Rd5 Rc1+ 47.Kf2 c4 48.Rxe5 c3 49.Rxg5 c2 50.Rh5+ Kg6
51.Rc5 Rh1 52.Ke3 c1=Q+ 53.Rxc1 Rxc1 54.Kxd4 Ra1 55.Kd5  1/2-1/2

[Event "ROM-chT"]
[Site "Sovata"]
[Date "1998.??.??"]
[Round "2"]
[White "Foisor, Ovidiu"]
[Black "Negulescu, Adrian"]
[Result "1/2-1/2"]
[WhiteElo "2445"]
[BlackElo "2445"]

1.c4 e5 2.g3 Nf6 3.Bg2 d5 4.cxd5 Nxd5 5.Nc3 Nb6 6.Nf3 Nc6 7.a3 g6 8.d3 Bg7
9.Bg5 Ne7 10.Rc1 h6 11.Bxe7 Qxe7 12.O-O O-O 13.Nd2 c6 14.b4 Be6 15.Nb3 Nd5
16.Nxd5 Bxd5  1/2-1/2

[Event "Petrov mem"]
[Site "St Petersburg"]
[Date "1998.??.??"]
[Round "4"]
[White "Driamin, Dmitrij"]
[Black "Orlov, Andrey"]
[Result "1/2-1/2"]
[WhiteElo "2230"]
[BlackElo "2410"]

1.c4 e5 2.g3 Nc6 3.Bg2 g6 4.Nc3 Bg7 5.e3 d6 6.Nge2 Be6 7.d3 Qd7 8.h3 Nge7
9.Rb1 O-O 10.Nd5 Rab8 11.Nec3 a6 12.a4 a5 13.Bd2 h6 14.Kf1 Bxd5 15.Nxd5 Nxd5
16.cxd5 Nb4 17.Bxb4 axb4 18.b3 f5 19.Kg1 h5 20.Rc1 h4 21.gxh4 Bf6 22.h5 Kg7
23.hxg6 Rh8 24.Rc4 Rh6 25.Kf1 Rbh8 26.Rxb4 Qc8 27.Rc4 Rxg6 28.Qf3 Kh6 29.h4 b5
30.axb5 Rf8 31.Bh3 Qa8 32.Ra4 Qb8 33.Bxf5 Rgg8 34.Rg1 Rxg1+ 35.Kxg1 Rg8+
36.Rg4 Bxh4 37.Kh1 Qd8 38.Be4 Rxg4 39.Qxg4 Qf6 40.f4 exf4 41.exf4 Be1 42.Qe6 Kg7
43.Qd7+ Qf7 44.Qg4+ Kf8 45.Kg2 Qg8 46.Bg6 Qxd5+ 47.Kf1 Ba5 48.Qf5+  1/2-1/2

[Event "SVK-chT 9899"]
[Site "SVK"]
[Date "1998.??.??"]
[Round "3"]
[White "Likavsky, Tomas"]
[Black "Debnar, Lubos"]
[Result "1/2-1/2"]
[WhiteElo "2315"]
[BlackElo "2265"]

1.g3 e5 2.c4 Nc6 3.Bg2 g6 4.e3 Bg7 5.Ne2 d6 6.Nbc3 Nge7 7.O-O O-O 8.Nd5 Bg4
9.h3 Be6 10.d3 Qd7 11.Kh2 f5 12.Rb1 Nd8 13.b4 c6 14.Nxe7+ Qxe7 15.b5 Rc8
16.Qa4 cxb5 17.Qxb5 e4 18.Nf4 exd3 19.Nxe6 Nxe6 20.Qxb7 Qxb7 21.Rxb7 Nc5
22.Rxa7 Ne4 23.Ra3 d2 24.Bxe4 dxc1=Q 25.Bd5+ Kh8 26.Rxc1 Bb2 27.Rcc3 Rb8
28.Kg2 Bxc3 29.Rxc3 Rb2 30.c5 Rb5 31.Bf3 Rxc5 32.Rd3 Rd8 33.Rd2 Kg7 34.h4 Kf6
35.Bd5 Rb8 36.Bb3 Rb6 37.Kf3 Rc1 38.Bg8 Rbc6 39.Bb3 h6 40.Ba4 Rb6 41.Bb3 Ke7
42.Rd5 Rc5 43.Rd4 Rb8 44.Ra4 Rbc8 45.Ra7+ R5c7 46.Ra5 Kf6 47.Ra6 Rc6 48.Ra7 R8c7
49.Ra8 Rc8 50.Ra7 R6c7 51.Ra6 Ke7 52.Kf4 Rb8 53.Ra4 Kf6 54.Ra6 g5+ 55.Kf3 Ke5
56.Ra5+ Kf6 57.Ra6 Ke5  1/2-1/2

[Event "SVK-chT 9899"]
[Site "SVK"]
[Date "1998.??.??"]
[Round "4"]
[White "Todor, Razvan"]
[Black "Huba, Martin"]
[Result "1/2-1/2"]
[WhiteElo "2205"]
[BlackElo "2135"]

1.c4 e5 2.g3 Nf6 3.Bg2 Nc6 4.Nc3 Be7 5.Nf3 O-O 6.O-O d6 7.d4 exd4 8.Nxd4 Bd7
9.h3 Qc8 10.Kh2 a6 11.b3 Ne5 12.f4 Ng6 13.e4 c5 14.Nc2 Bc6 15.Nd5 Nxd5 16.exd5 Bd7
17.Bb2 Qd8 18.f5 Nh8 19.f6 Bxf6 20.Bxf6 gxf6 21.Ne3 Re8 22.Ng4 Bxg4 23.Qxg4+ Ng6
24.Rf2 Re5 25.Raf1 Qe7 26.Rxf6 Rf8 27.h4 h5 28.Qf3 Kg7 29.Rf2 b5 30.Bf1 b4
31.Kg2 a5 32.Bd3 Re3 33.Qf5 Rxd3 34.Qxd3 Ne5 35.Qf5 Rh8 36.Qg5+ Kf8 37.R6f5 a4
38.Re2 Qxg5 39.Rxg5 f6 40.Rf5 Kf7 41.Ref2 Nd7 42.Re2  1/2-1/2

[Event "SVK-chT 9798"]
[Site "SVK"]
[Date "1998.??.??"]
[Round "5"]
[White "Safyanovsky, Mark"]
[Black "Travenec, Igor"]
[Result "1-0"]
[WhiteElo "2395"]
[BlackElo "2220"]

1.c4 e5 2.g3 g6 3.Bg2 Bg7 4.Nc3 d6 5.d3 Ne7 6.e3 c6 7.Nge2 O-O 8.O-O Nf5
9.b4 a6 10.a4 Be6 11.Ba3 Re8 12.b5 axb5 13.axb5 Qd7 14.Bb2 Rxa1 15.Qxa1 d5
16.bxc6 bxc6 17.cxd5 cxd5 18.Na4 Qb5 19.Nec3 Qxd3 20.Rd1 Qc2 21.Nxd5 Na6
22.Nab6 Qb3 23.Bc3 Bxd5 24.Nxd5 Nc5 25.Rb1 Qc2 26.Rb2 Qd3 27.Qb1 e4 28.Nf6+ Bxf6
29.Bxf6 Nd7 30.Bg5 Qd5 31.Bf4 Ng7 32.Rb5 Qc6 33.Rb4 f5 34.Bf1  1-0

[Event "SVE-chT 9798"]
[Site "Sweden"]
[Date "1998.??.??"]
[Round "7"]
[White "Karlsson, Lars"]
[Black "Andreasson, Ingvar"]
[Result "1-0"]
[WhiteElo "2450"]
[BlackElo "2360"]

1.c4 e5 2.g3 Nc6 3.Bg2 g6 4.e3 Bg7 5.Ne2 d6 6.d4 exd4 7.Nxd4 Nge7 8.O-O O-O
9.Nc3 Nxd4 10.exd4 Nf5 11.d5 Re8 12.Ne4 h6 13.Re1 Bd7 14.Rb1 Re7 15.b3 Qf8
16.Qd2 Rae8 17.Bb2 Bxb2 18.Qxb2 Qg7 19.Nf6+ Kh8 20.Be4 Rxe4 21.Rxe4 Rxe4
22.Nxe4 Nd4 23.Kg2 Bg4 24.Nd2 c5 25.f3 Bd7 26.Re1 Qf6 27.Qc3 h5 28.Ne4 Qf5
29.Nf2 a5 30.Re4 Kg8 31.Qe3 Qf6 32.g4 hxg4 33.fxg4 a4 34.Qf4 Qxf4 35.Rxf4 axb3
36.axb3 Nxb3 37.Ne4 b5 38.Nf6+ Kg7 39.Nxd7 b4 40.Nb6 Nd2 41.Rf2  1-0

[Event "SVE-chT 9798"]
[Site "Sweden"]
[Date "1998.??.??"]
[Round "8"]
[White "Karlsson, Lars"]
[Black "Ornstein, Axel"]
[Result "1/2-1/2"]
[WhiteElo "2450"]
[BlackElo "2430"]

1.c4 e5 2.g3 Nc6 3.Bg2 g6 4.e3 Bg7 5.Ne2 d6 6.d4 exd4 7.Nxd4 Nxd4 8.exd4 Ne7
9.O-O O-O 10.Nc3 Nf5 11.d5 Re8 12.Ne4 h6 13.Rb1 Nd4 14.Bxh6 Bxh6 15.Qxd4 Bg7
16.Qd2 Bf5 17.Rfe1 Bxe4 18.Rxe4 Rxe4 19.Bxe4 b6 20.Re1 Qf6 21.b3 Re8 22.Re2 Qd4
23.Qc2 f5 24.Bf3 Rxe2 25.Qxe2 Qe5 26.Qd2 Qc3 27.Qe2 Qe5 28.h4 Qxe2 29.Bxe2 Bc3
30.Bd3 Kg7 31.h5 gxh5 32.Bxf5 Kf6 33.Bd7 h4 34.gxh4 a5 35.Kg2 Bd2 36.Kf3 Ke5
37.Kg4 Bc1 38.Be8 Bd2 39.Bg6 Bc1 40.Bb1 Bd2 41.Kh5 Kf6 42.Kg4 Ke5 43.Bc2 Bc1
44.Bb1 Bd2  1/2-1/2

[Event "SVE-chT 9798"]
[Site "Sweden"]
[Date "1998.??.??"]
[Round "9"]
[White "Ornstein, Axel"]
[Black "Degerman, Lars"]
[Result "1-0"]
[WhiteElo "2430"]
[BlackElo "2490"]

1.c4 e5 2.g3 g6 3.Bg2 Bg7 4.Nc3 Nc6 5.e3 d6 6.Nge2 Nge7 7.d4 exd4 8.Nxd4 Nxd4
9.exd4 O-O 10.O-O Nf5 11.d5 Bd7 12.Ne4 h6 13.Rb1 Ne7 14.c5 dxc5 15.Nxc5 Bf5
16.Nxb7 Qb8 17.d6 cxd6 18.Bf4 Bxb1 19.Bxd6 Qe8 20.Qxb1 Qd7 21.Rd1 Rae8 22.Nc5 Qb5
23.a4 Qe2 24.Nd7 Rd8 25.Nxf8 Bxf8 26.Bf1 Qe6 27.Bc5 Rxd1 28.Qxd1 Nc6 29.Be3 a5
30.Bg2 Bg7 31.b3 Kh7 32.Qd5 Qxd5 33.Bxd5 Ne5 34.Bd2  1-0